000 00646cam a22002052 4500
001 0000007295
005 20151217152028.0
008 071221s xx 000 0 eng d
020 _a9966963502 :
_cKES 500
040 _aKABU
_cKABU
100 1 _aDaniel, Kasomo.
_@0000158521
245 1 0 _aUnderstanding adolescent behaviour :
_bfor guidance and counselling /
_cKasomo Daniel.
260 _aEldoret, Kenya :
_bZapf Chancery,
_c2006.
300 _axi, 221 p.
650 0 _aAdolescents.
_@0000158522
908 _a071221
950 _@1
999 _c7482
_d7482